[Event "Balkaniad"]
[Site "Hania"]
[Date "1989.??.??"]
[Round "?"]
[White "Kosic, Dragan"]
[Black "Topalov, Veselin"]
[Result "0-1"]
[WhiteElo "2445"]
[BlackElo "2395"]
[EventDate "1989.??.??"]

1.Cf3 Cf6 2.c4 d6 3.d4 Fg4 4.Cc3 Cbd7 5.e4 e5 6.d5 Cc5 7.h3 Fh5 8.Dc2 Fxf3
9.gxf3 Ch5 10.Tg1 Fe7 11.Ce2 c6 12.Cg3 Cf4 13.Cf5 g6 14.Cxe7 Dxe7 15.Fe3 
cxd5 16.cxd5 O-O 17.b4 Cd7 18.Dd2 Tfc8 19.Fb5 Cb6 20.Fxf4 exf4 21.Td1 De5 
22.Tg4 h5 23.Tg1 Tc3 24.Tg5 Df6 25.Dd4 Dxd4 26.Txd4 a6 27.Fe2 Cd7 28.Tc4 
Txc4 29.Fxc4 Tc8 30.Fe2 Tc1+ 31.Fd1 Ce5 32.Re2 Tc3 0-1

[Event "?"]
[Site "Groningen NED"]
[Date "1989.??.??"]
[Round "?"]
[White "Topalov, Veselin"]
[Black "Anagnostopoulos, Dimitri"]
[Result "1-0"]
[WhiteElo "2745"]
[BlackElo "2495"]
[EventDate "1989.??.??"]

1.d4 Cf6 2.c4 g6 3.Cc3 Fg7 4.e4 d6 5.Cf3 O-O 6.Fe2 e5 7.O-O Cc6 8.d5 Ce7 
9.Ce1 Cd7 10.Cd3 f5 11.Fd2 c5 12.Tb1 Cf6 13.f3 f4 14.b4 b6 15.bxc5 bxc5 
16.Da4 g5 17.Cd1 a5 18.Db3 Cg6 19.Cc3 De7 20.Ca4 Fd7 21.Cb6 Tab8 22.Dc2 
Txb6 23.Txb6 g4 24.Tb7 g3 25.h3 Dd8 26.Tc1 Ch4 27.Ce1 Fc8 28.Tb8 Dd7 29.
Ff1 h5 30.Fxa5 Ch7 31.Fc3 Cg5 32.a4 Ff6 33.a5 Rf7 34.Tcb1 Tg8 35.a6 Fe7 
36.Txc8 Dxc8 37.Da2 Cxh3+ 38.gxh3 g2 39.Fxg2 Dxh3 40.a7 Txg2+ 41.Cxg2 Dxf3
42.a8=D Dxc3 43.Dh8 1-0

[Event "Sofia BG Ch"]
[Site "Sofia BUL"]
[Date "1989.??.??"]
[Round "?"]
[White "Topalov, Veselin"]
[Black "Inkiov, Ventzislav"]
[Result "0-1"]
[WhiteElo "2745"]
[BlackElo "2470"]
[EventDate "1989.??.??"]

1.d4 Cf6 2.Cf3 e6 3.c4 d5 4.Cc3 Fb4 5.Fg5 h6 6.Fxf6 Dxf6 7.Db3 c5 8.cxd5 
exd5 9.e3 O-O 10.Fe2 Cc6 11.O-O c4 12.Da4 Td8 13.a3 Fa5 14.b4 Fc7 15.Tfe1 
Fg4 16.b5 Ce7 17.Cd2 Fxe2 18.Cxe2 Cf5 19.Cf3 g5 20.Tab1 g4 21.Cd2 h5 22.e4
Cxd4 23.Cxd4 Dxd4 24.exd5 Dxd5 25.Cxc4 Dc5 26.Db3 Tac8 27.Ce3 Fb6 28.g3 
Fa5 29.Tf1 Fd2 30.Cg2 Td4 31.Ta1 Tcd8 32.a4 Tb4 33.Da3 Dc4 34.Ce3 De4 35.
Cg2 Tdd4 36.Tad1 Dc2 37.f3 Td3 38.Ce1 Dc5+ 0-1

[Event "Sofia BG Ch"]
[Site "Sofia BUL"]
[Date "1989.??.??"]
[Round "?"]
[White "Zahariev, Zahari"]
[Black "Topalov, Veselin"]
[Result "0-1"]
[WhiteElo "2415"]
[BlackElo "2745"]
[EventDate "1989.??.??"]

1.e4 c5 2.Cf3 d6 3.d4 cxd4 4.Dxd4 Cc6 5.Fb5 Fd7 6.Fxc6 Fxc6 7.Cc3 Cf6 8.
Fg5 e6 9.O-O-O Fe7 10.The1 O-O 11.Dd2 Dc7 12.Cd4 Tfd8 13.Rb1 Tab8 14.f3 b5
15.Cce2 b4 16.g4 a5 17.h4 a4 18.Fe3 Cd7 19.g5 Ce5 20.Cc1 Cc4 21.Df2 Fd7 
22.Cd3 Tdc8 23.Fc1 e5 24.Ce2 Fe6 25.Ra1 Ca3 26.Tf1 Dxc2 0-1

[Event "Sofia BG Ch"]
[Site "Sofia BUL"]
[Date "1989.??.??"]
[Round "2"]
[White "Ermenkov, Evgenij"]
[Black "Topalov, Veselin"]
[Result "1/2-1/2"]
[WhiteElo "2495"]
[BlackElo "2745"]
[EventDate "1989.??.??"]

1.e4 e6 2.d4 d5 3.Cd2 Cc6 4.Cgf3 Cf6 5.e5 Cd7 6.Cb3 a5 7.a4 Fe7 8.c3 f6 9.
Fb5 fxe5 10.dxe5 O-O 11.De2 De8 12.Cbd4 Cc5 13.O-O 1/2-1/2

[Event "Sofia BG Ch"]
[Site "Sofia BUL"]
[Date "1989.??.??"]
[Round "4"]
[White "Lukov, Valentin"]
[Black "Topalov, Veselin"]
[Result "1/2-1/2"]
[WhiteElo "2440"]
[BlackElo "2745"]
[EventDate "1989.??.??"]

1.Cf3 Cf6 2.c4 d6 3.d4 Ff5 4.Cc3 h6 5.Db3 Dc8 6.g3 Cbd7 7.Fg2 c6 8.O-O e5 
9.Te1 Fe7 10.e4 Fh7 11.h3 O-O 12.Dd1 Fd8 13.a3 Te8 14.dxe5 dxe5 15.Dc2 b5 
16.Fe3 Fb6 17.Fxb6 Cxb6 18.c5 Cbd5 19.Cd2 Cc7 20.b4 a5 21.Db2 Ce6 22.Rh2 
Cd4 23.f3 De6 24.Ted1 Ch5 25.Cf1 f5 26.Ce2 1/2-1/2

[Event "Sofia BG Ch"]
[Site "Sofia BUL"]
[Date "1989.??.??"]
[Round "7"]
[White "Popov, Petar"]
[Black "Topalov, Veselin"]
[Result "0-1"]
[WhiteElo "2330"]
[BlackElo "2745"]
[EventDate "1989.??.??"]

1.Cf3 Cf6 2.c4 d6 3.d4 Fg4 4.b3 Cbd7 5.Fb2 Fxf3 6.gxf3 e5 7.Cc3 g6 8.e3 
Fg7 9.Fh3 O-O 10.Dd2 De7 11.dxe5 dxe5 12.O-O Tfd8 13.Dc2 c6 14.a4 Ch5 15.
Tfd1 f5 16.Ce2 Dg5+ 17.Fg2 f4 18.e4 Ff8 19.Fc3 a5 20.Rh1 Dh4 21.Cg1 Fc5 
22.Fh3 Chf6 23.Td2 Fd4 24.Fxd4 exd4 25.Txd4 Ce5 26.Dd2 Te8 27.c5 Cf7 28.
Ff1 Te5 29.Fc4 Rg7 30.Fxf7 Th5 31.h3 Rxf7 32.Te1 Te5 33.Dc2 Tae8 34.Ted1 
Th5 35.b4 Tee5 36.bxa5 Rg7 37.De2 Txc5 38.Tb4 Txa5 39.Txb7+ Rh6 40.Td4 
Tac5 41.Tf7 Tc1 42.Td1 Txd1 43.Dxd1 Dxf2 44.De2 Txh3+ 45.Cxh3 Dxe2 46.Cg1 
Db2 47.a5 Ch5 48.Ch3 Da1+ 49.Cg1 0-1

[Event "Sofia BG Ch"]
[Site "Sofia BUL"]
[Date "1989.??.??"]
[Round "8"]
[White "Topalov, Veselin"]
[Black "Janev, Evgeni"]
[Result "1-0"]
[WhiteElo "2745"]
[BlackElo "2370"]
[EventDate "1989.??.??"]

1.d4 Cf6 2.c4 g6 3.Cc3 d5 4.e3 Fg7 5.Db3 dxc4 6.Fxc4 O-O 7.Cf3 Cc6 8.Ce5 
Cxe5 9.dxe5 Cd7 10.e6 fxe6 11.O-O Ce5 12.Fxe6+ Rh8 13.Td1 Fxe6 14.Dxe6 Dc8
15.Dxe7 Dg4 16.h3 Dh5 17.f4 Cc6 18.Da3 Tad8 19.Tf1 Tfe8 20.Db3 Ca5 21.Db4 
b6 22.Rh2 Cb7 23.e4 Cc5 24.Fe3 Cd3 25.Db3 g5 26.fxg5 Fe5+ 27.Rh1 Dh4 28.
Fg1 Cf4 29.Cd5 Ce2 30.Ff2 Dxg5 31.Df3 Tg8 32.g4 Dh6 33.Ce7 Cg3+ 34.Rg2 
Cxf1 35.Cxg8 Txg8 36.Txf1 Tf8 37.Dd3 c5 38.b3 Te8 39.Fe3 Dh4 40.Ff4 Fd4 
41.e5 De7 42.De4 a5 43.Fg3 Dd7 44.Tf5 a4 45.Fh4 1-0

[Event "Open"]
[Site "Dornbirn AUT"]
[Date "1990.??.??"]
[Round "?"]
[White "Novkovic, Milan"]
[Black "Topalov, Veselin"]
[Result "1/2-1/2"]
[WhiteElo "2380"]
[BlackElo "2495"]
[EventDate "1990.??.??"]

1.Cf3 f5 2.d4 Cf6 3.g3 g6 4.Fg2 Fg7 5.O-O O-O 6.c4 d6 7.Cc3 c6 8.Tb1 De8 
9.d5 Ca6 10.dxc6 bxc6 11.b4 Fd7 12.a3 c5 13.b5 Cc7 14.e4 Cxe4 15.Cxe4 fxe4
16.Cg5 d5 17.cxd5 Cxb5 18.Fb2 Cd4 19.Cxe4 Ff5 20.Cxc5 Tb8 21.Cd3 Db5 22.
Fxd4 Dxb1 23.Dxb1 Txb1 24.Txb1 Fxd4 25.Tb4 Fb6 26.Fe4 Fxe4 27.Txe4 Tf3 28.
Cb4 Txf2 29.Rh1 Fc5 30.Cd3 Tf1+ 31.Rg2 Tg1+ 32.Rf3 Fxa3 33.Ta4 Fd6 34.Txa7
Td1 35.Re3 h5 1/2-1/2

[Event "Open"]
[Site "Dornbirn AUT"]
[Date "1990.??.??"]
[Round "?"]
[White "Topalov, Veselin"]
[Black "Donev, Ivo"]
[Result "1/2-1/2"]
[WhiteElo "2495"]
[BlackElo "2385"]
[EventDate "1990.??.??"]

1.c4 c5 2.Cc3 Cc6 3.g3 g6 4.Fg2 Fg7 5.Cf3 Cf6 6.O-O O-O 7.d4 d6 8.dxc5 
dxc5 9.Fe3 Fe6 10.Fxc5 Fxc4 11.Dxd8 Tfxd8 12.Tfd1 Txd1+ 13.Txd1 1/2-1/2

[Event "?"]
[Site "Singapore SIN"]
[Date "1990.??.??"]
[Round "2"]
[White "Barkhagen, Jonas"]
[Black "Topalov, Veselin"]
[Result "0-1"]
[WhiteElo "2405"]
[BlackElo "2475"]
[EventDate "1990.??.??"]

1.d4 Cf6 2.c4 c5 3.d5 e5 4.Cc3 d6 5.g3 Fe7 6.Fh3 O-O 7.Rf1 Ce8 8.Fxc8 Dxc8
9.Rg2 f5 10.e4 Cf6 11.f3 fxe4 12.fxe4 Fd8 13.h3 Fa5 14.Dd3 Fxc3 15.bxc3 
Cbd7 16.Cf3 De8 17.Fd2 Cb6 18.Thb1 Da4 19.Fg5 Dxc4 20.Dxc4 Cxc4 21.Fxf6 
Txf6 22.Txb7 Ce3+ 23.Rf2 Taf8 24.Rxe3 Txf3+ 25.Re2 c4 26.Tab1 Txg3 27.Txa7
Txh3 28.Tbb7 Tg3 29.Td7 h5 30.Txd6 h4 31.Te6 Tb8 32.Txe5 Tb2+ 33.Rf1 Txc3 
34.Ta8+ Rh7 0-1

[Event "It"]
[Site "Altensteig GER"]
[Date "1990.??.??"]
[Round "1"]
[White "Topalov, Veselin"]
[Black "Gabriel, Christian"]
[Result "1-0"]
[WhiteElo "2475"]
[BlackElo "2365"]
[EventDate "1990.07.??"]

1.d4 d5 2.c4 e6 3.Cc3 c6 4.e3 Cf6 5.Cf3 Cbd7 6.Dc2 Fb4 7.Fe2 O-O 8.O-O 
dxc4 9.Fxc4 Fd6 10.h3 e5 11.Fb3 Fc7 12.Fd2 exd4 13.exd4 Cb6 14.Tfe1 Dd6 
15.Tac1 Cfd5 16.Cxd5 Cxd5 17.Te5 Ce7 18.Cg5 Cg6 19.Tce1 Fd7 20.h4 Dxd4 21.
h5 1-0

[Event "It"]
[Site "Altensteig GER"]
[Date "1990.??.??"]
[Round "2"]
[White "Schlosser, Philipp"]
[Black "Topalov, Veselin"]
[Result "1/2-1/2"]
[WhiteElo "2455"]
[BlackElo "2475"]
[EventDate "1990.07.??"]

1.Cf3 Cf6 2.c4 d6 3.Cc3 g6 4.d4 Fg7 5.e4 O-O 6.Fe2 e5 7.O-O Ca6 8.Te1 c6 
9.Ff1 Fg4 10.Fe3 exd4 11.Fxd4 Cb4 12.Tc1 c5 13.Fe3 Cd7 14.Fe2 Fxf3 15.Fxf3
Fe5 16.Fe2 Cc6 17.Tc2 Cf6 18.Ff1 a6 1/2-1/2

[Event "It"]
[Site "Altensteig GER"]
[Date "1990.??.??"]
[Round "3"]
[White "Topalov, Veselin"]
[Black "Paehtz, Thomas"]
[Result "0-1"]
[WhiteElo "2475"]
[BlackElo "2445"]
[EventDate "1990.07.??"]

1.e4 e6 2.d4 d5 3.Cd2 c5 4.exd5 exd5 5.Cgf3 c4 6.b3 cxb3 7.axb3 Cc6 8.Fe2 
Fb4 9.O-O Cge7 10.Ta4 a5 11.Fb2 Ff5 12.c3 Fd6 13.Te1 O-O 14.Cf1 Db8 15.Ce3
b5 16.Ta2 Fe4 17.g3 f5 18.Cg5 f4 19.Cg2 fxg3 20.fxg3 Ff5 21.Ff3 Tf6 22.Fg4
Fxg3 23.hxg3 Dxg3 24.Fxf5 Txf5 25.Fc1 Taf8 26.Dd2 h6 27.Ce6 T8f6 28.De2 
Cg6 29.Dxb5 Ch4 30.Te3 Cf3+ 31.Txf3 Dxf3 32.Cgf4 Txe6 33.Cxe6 Dg3+ 0-1

[Event "It"]
[Site "Altensteig GER"]
[Date "1990.??.??"]
[Round "4"]
[White "Wirthensohn, Heinz"]
[Black "Topalov, Veselin"]
[Result "1-0"]
[WhiteElo "2430"]
[BlackElo "2475"]
[EventDate "1990.07.??"]

1.Cf3 f5 2.g3 Cf6 3.Fg2 g6 4.b3 Fg7 5.Fb2 O-O 6.O-O d6 7.d4 c6 8.Cbd2 De8 
9.c4 Ca6 10.Dc2 Tb8 11.a3 b5 12.b4 Cc7 13.Tac1 bxc4 14.Cxc4 Fh6 15.e3 Ccd5
16.Cfd2 Fd7 17.Tce1 g5 18.e4 fxe4 19.Cxe4 Dg6 20.Cxf6+ Txf6 21.Dxg6+ hxg6 
22.Ca5 Rf8 23.Fc1 Tf7 24.Fd2 Fg7 25.Tc1 Tb6 26.Cxc6 Fxc6 27.Fxd5 1-0

[Event "It"]
[Site "Altensteig GER"]
[Date "1990.??.??"]
[Round "5"]
[White "Topalov, Veselin"]
[Black "Luther, Thomas"]
[Result "1/2-1/2"]
[WhiteElo "2475"]
[BlackElo "2385"]
[EventDate "1990.07.??"]

1.d4 e6 2.c4 Fb4+ 3.Cc3 Cf6 4.Dc2 O-O 5.a3 Fxc3+ 6.Dxc3 b6 7.Fg5 Fb7 8.Ch3
h6 9.Fh4 c5 10.dxc5 bxc5 11.e3 g5 12.Fg3 Ce4 13.Dc2 Da5+ 14.Re2 f5 15.f3 
Cxg3+ 16.hxg3 Cc6 17.Cf2 Ce5 18.Cd3 Cxd3 19.Dxd3 Tf6 1/2-1/2

[Event "It"]
[Site "Altensteig GER"]
[Date "1990.??.??"]
[Round "6"]
[White "Smejkal, Jan"]
[Black "Topalov, Veselin"]
[Result "1/2-1/2"]
[WhiteElo "2545"]
[BlackElo "2475"]
[EventDate "1990.07.??"]

1.Cf3 f5 2.g3 Cf6 3.Fg2 g6 4.b3 Fg7 5.Fb2 O-O 6.O-O d6 7.d4 De8 8.c4 Ca6 
9.Cbd2 c6 10.Dc2 h6 11.a3 g5 12.e3 Dh5 13.Tfe1 Tf7 14.Cf1 Fd7 15.Te2 Taf8 
16.Tae1 Ce4 17.C3d2 Cxd2 18.Cxd2 e5 19.dxe5 dxe5 20.b4 b6 21.Cf3 Te8 22.
Td2 Cb8 23.Ted1 e4 24.Ce1 Fxb2 25.Dxb2 Fe6 26.Td8 Tff8 27.Txe8 Dxe8 28.Td6
Df7 29.c5 bxc5 30.bxc5 Cd7 31.Ff1 Fd5 32.Txh6 Dg7 33.Dxg7+ Rxg7 34.Td6 
Cxc5 35.Cc2 Tf7 36.Td8 Ce6 37.Tc8 c5 38.Fb5 Tb7 39.a4 a6 40.Fxa6 Tb1+ 41.
Rg2 Fb3 42.Ca3 Ta1 43.Cc4 Fd1 44.Cd2 g4 45.h4 gxh3+ 46.Rxh3 Fg4+ 47.Rg2 
Td1 48.Cf1 Cg5 49.Txc5 Td6 50.Tc7+ Rf8 51.Fb5 Th6 52.Ch2 Cf3 53.Cxg4 fxg4 
54.Tc8+ 1/2-1/2

[Event "It"]
[Site "Altensteig GER"]
[Date "1990.??.??"]
[Round "7"]
[White "Topalov, Veselin"]
[Black "Rajkovic, Dusan"]
[Result "1-0"]
[WhiteElo "2475"]
[BlackElo "2485"]
[EventDate "1990.07.??"]

1.e4 c5 2.Cf3 Cc6 3.d4 cxd4 4.Cxd4 Dc7 5.Cc3 e6 6.Fe2 a6 7.O-O Cf6 8.Fe3 
Fe7 9.f4 d6 10.De1 O-O 11.Dg3 Cxd4 12.Fxd4 b5 13.Tf2 Fb7 14.a3 g6 15.f5 e5
16.Fe3 d5 17.exd5 Cxd5 18.Cxd5 Fxd5 19.f6 Fd6 20.Td1 Fe6 21.Fg4 Tfe8 22.
Tfd2 Fc5 23.h3 Tab8 24.b4 Ff8 25.Dh4 e4 26.Rh1 Dc3 27.Fd4 Dxa3 28.Fc5 Fxc5
29.bxc5 Dxc5 30.Td6 De5 31.Fxe6 Txe6 32.Td8+ Te8 33.T8d5 Dc3 34.Td6 h5 35.
Df4 Rh7 36.Td7 Tf8 37.Tc7 Db2 38.Tdd7 Da2 39.c4 Rg8 40.Dg5 Tfd8 41.Txf7 
1-0

[Event "It"]
[Site "Altensteig GER"]
[Date "1990.??.??"]
[Round "8"]
[White "Topalov, Veselin"]
[Black "Hickl, Joerg"]
[Result "1/2-1/2"]
[WhiteElo "2475"]
[BlackElo "2480"]
[EventDate "1990.07.??"]

1.d4 Cf6 2.c4 c5 3.d5 e5 4.Cc3 d6 5.e4 Fe7 6.g3 O-O 7.Fg2 Ce8 8.Cge2 Fd7 
9.O-O Cc7 10.a4 Cba6 11.h3 Cb4 12.Rh2 Tb8 13.f4 Ff6 14.Cg1 a6 15.a5 b5 16.
axb6 Ca8 17.Cf3 Cxb6 18.De2 De8 19.f5 Fd8 20.g4 f6 21.h4 a5 22.Tg1 a4 23.
Ff1 Fc8 24.Dd1 Ta8 25.Fe3 Rh8 26.Fe2 g6 27.Cb5 Dd7 28.Dd2 Fa6 29.Ca3 Fe7 
30.Tg3 gxf5 31.gxf5 Tg8 32.Tag1 Txg3 33.Txg3 Tg8 34.Txg8+ Rxg8 35.Cg1 Ff8 
36.Ch3 Dg7 37.Cf2 Rf7 38.Cd1 Re8 39.Cc3 Rd8 40.Dd1 Dd7 41.h5 Rc8 42.h6 Rb7
43.Rh3 Rc8 44.Rh4 Rd8 45.Dg1 Df7 46.Fd2 Rc8 47.Dg2 Rb7 48.Ccb5 Fxb5 49.
cxb5 Ra7 50.Fh5 1/2-1/2

[Event "It"]
[Site "Altensteig GER"]
[Date "1990.??.??"]
[Round "9"]
[White "Stangl, Markus"]
[Black "Topalov, Veselin"]
[Result "1/2-1/2"]
[WhiteElo "2435"]
[BlackElo "2475"]
[EventDate "1990.07.??"]

1.Cf3 Cf6 2.g3 d6 3.d4 Cbd7 4.Fg2 e5 5.c4 c6 6.O-O Fe7 7.Cc3 e4 8.Ch4 Cb6 
9.b3 O-O 10.Dc2 Te8 11.f3 exf3 12.exf3 g6 13.Fg5 d5 14.c5 1/2-1/2

[Event "It"]
[Site "Altensteig GER"]
[Date "1990.??.??"]
[Round "10"]
[White "Topalov, Veselin"]
[Black "Mohr, Stefan"]
[Result "0-1"]
[WhiteElo "2475"]
[BlackElo "2430"]
[EventDate "1990.07.??"]

1.d4 Cf6 2.c4 g6 3.Cc3 d5 4.Cf3 Fg7 5.cxd5 Cxd5 6.e4 Cxc3 7.bxc3 c5 8.Tb1 
O-O 9.Fe2 Cc6 10.d5 Ce5 11.Cxe5 Fxe5 12.Dd2 b6 13.f4 Fg7 14.c4 e5 15.O-O 
exf4 16.Fb2 g5 17.Fxg7 Rxg7 18.a4 Dd6 19.a5 f6 20.Tb3 Tb8 21.Tfb1 Te8 22.
Fd3 Te7 23.axb6 axb6 24.Db2 Teb7 25.h3 Fd7 26.Df2 De5 27.Rh1 Fa4 28.T3b2 
Fe8 29.Tb3 Fg6 30.De2 Dd4 31.Fc2 Fe8 32.Fd3 Fd7 33.Dh5 Fe8 34.De2 Fd7 35.
Dh5 De5 36.Fc2 Fa4 0-1

[Event "It"]
[Site "Altensteig GER"]
[Date "1990.??.??"]
[Round "11"]
[White "Chernin, Alexander"]
[Black "Topalov, Veselin"]
[Result "1/2-1/2"]
[WhiteElo "2600"]
[BlackElo "2475"]
[EventDate "1990.07.??"]

1.d4 e6 2.c4 Fb4+ 3.Cd2 b6 4.Db3 c5 5.Cf3 Cf6 6.a3 Fa5 7.dxc5 bxc5 8.g3 
Cc6 9.Fg2 O-O 10.O-O Tb8 11.Dc2 d6 12.e3 Ce8 13.Cb3 1/2-1/2

[Event "Balkaniad"]
[Site "Kavala GRE"]
[Date "1990.??.??"]
[Round "1"]
[White "Topalov, Veselin"]
[Black "Grivas, Efstratios"]
[Result "1/2-1/2"]
[WhiteElo "2495"]
[BlackElo "2445"]
[EventDate "1990.10.??"]

1.e4 e5 2.Cf3 Cc6 3.Fb5 a6 4.Fxc6 dxc6 5.Cc3 Fg4 6.h3 Fxf3 7.Dxf3 Ce7 8.d3
Cg6 9.Fe3 Fb4 10.O-O Fxc3 11.bxc3 O-O 12.g3 Dd7 13.Fc5 Tfe8 14.Dg4 Dxg4 
15.hxg4 h6 16.f4 Cf8 17.Rg2 b6 18.Fe3 c5 19.Rf3 f6 20.a4 a5 21.d4 cxd4 22.
cxd4 exd4 23.Fxd4 Tad8 24.Tfd1 Td7 25.Td3 Ted8 26.Tad1 Rf7 27.Fe3 Re7 28.
Re2 Ce6 29.c3 Cf8 30.Fc1 Txd3 31.Txd3 Txd3 32.Rxd3 Cd7 33.Rd4 1/2-1/2

[Event "Balkaniad"]
[Site "Kavala GRE"]
[Date "1990.??.??"]
[Round "2"]
[White "Pandavos, Emanouel"]
[Black "Topalov, Veselin"]
[Result "1/2-1/2"]
[WhiteElo "2370"]
[BlackElo "2495"]
[EventDate "1990.10.??"]

1.e4 c5 2.c3 e6 3.d4 d5 4.exd5 exd5 5.Fb5+ Cc6 6.Cf3 Fd6 7.Cbd2 cxd4 8.
Cxd4 Ce7 9.O-O O-O 10.C2f3 Fg4 11.Da4 Fd7 12.Fg5 Dc7 13.Fe2 a6 14.Dd1 Tfe8
15.Te1 Cg6 16.Cb3 Cce5 17.h3 h6 18.Cxe5 Txe5 19.Fe3 Ch4 20.Dd2 Tae8 21.Cd4
Txe3 22.fxe3 Fh2+ 23.Rh1 Cxg2 24.Fg4 Cxe1 25.Fxd7 Dxd7 26.Rxh2 Dd6+ 27.Rh1
Dg3 28.Txe1 Te5 29.Te2 g6 30.h4 Dxh4+ 31.Rg1 h5 32.Tg2 Dh3 33.Cc2 Df3 34.
Df2 Dd1+ 35.Df1 Dxf1+ 36.Rxf1 Rh7 37.Rf2 g5 38.Cd4 Rg6 39.a4 h4 40.Cf3 Tf5
41.Re2 Rh5 42.Cd4 Te5 43.Cf3 Tf5 44.Cd4 Te5 45.Cf3 1/2-1/2

[Event "Balkaniad"]
[Site "Kavala GRE"]
[Date "1990.??.??"]
[Round "3"]
[White "Topalov, Veselin"]
[Black "Gavrilakis, Nikolaos"]
[Result "0-1"]
[WhiteElo "2495"]
[BlackElo "2390"]
[EventDate "1990.10.??"]

1.d4 d5 2.c4 e6 3.Cc3 Fe7 4.Cf3 Cf6 5.Fg5 h6 6.Fh4 O-O 7.e3 b6 8.Tc1 Fb7 
9.Fxf6 Fxf6 10.cxd5 exd5 11.Fd3 c5 12.O-O De7 13.Te1 Td8 14.e4 cxd4 15.Cb5
dxe4 16.Tc7 Df8 17.Txb7 exd3 18.Cc7 Cc6 19.Cxa8 Txa8 20.Dxd3 Dc8 0-1

[Event "Balkaniad"]
[Site "Kavala GRE"]
[Date "1990.??.??"]
[Round "4"]
[White "Kotronias, Vasilios"]
[Black "Topalov, Veselin"]
[Result "1-0"]
[WhiteElo "2500"]
[BlackElo "2495"]
[EventDate "1990.10.??"]

1.e4 c5 2.Cf3 d6 3.d4 cxd4 4.Cxd4 Cf6 5.Cc3 a6 6.Fe3 e6 7.g4 b5 8.g5 Cfd7 
9.a3 Fb7 10.h4 Cb6 11.h5 C8d7 12.Th3 Fe7 13.g6 Ff6 14.Dg4 De7 15.f4 Cc4 
16.Fxc4 bxc4 17.O-O-O Tc8 18.gxf7+ Rxf7 19.e5 dxe5 20.Cxe6 Fc6 21.f5 e4 
22.Fd4 Thg8 23.Cxe4 Fxe4 24.Dxe4 c3 25.b4 1-0

[Event "Balkaniad"]
[Site "Kavala GRE"]
[Date "1990.??.??"]
[Round "5"]
[White "Topalov, Veselin"]
[Black "Skalkotas, Nikolaos"]
[Result "1/2-1/2"]
[WhiteElo "2495"]
[BlackElo "2310"]
[EventDate "1990.10.??"]

1.e4 e6 2.d4 d5 3.Cd2 c5 4.Cgf3 cxd4 5.exd5 Dxd5 6.Fc4 Dd6 7.O-O Cc6 8.Cb3
Cf6 9.De2 Fe7 10.Td1 e5 11.h3 O-O 12.c3 Fe6 13.Fxe6 Dxe6 14.cxd4 Tad8 15.
Fg5 e4 16.Ch2 Td5 17.Fe3 Tfd8 18.Cf1 h5 19.Cfd2 a5 20.a4 Fb4 21.Cc4 Tf5 
22.Dc2 Ff8 23.Cc5 Dc8 24.Cxe4 Cb4 25.Cxf6+ Txf6 26.Db3 Df5 27.Tac1 Fd6 28.
Ce5 Te8 29.Cf3 Cd5 30.Dd3 Dd7 31.Fg5 Tfe6 32.b3 f6 33.Fd2 Fa3 34.Tc4 Te4 
35.Te1 Txe1+ 36.Cxe1 Fb4 37.Cf3 Fxd2 38.Dxd2 b6 39.Dc2 Df7 40.Tc8 Dd7 41.
Txe8+ Dxe8 42.Df5 Df7 43.Cd2 g6 44.Dc8+ Rg7 45.Dc6 h4 46.Cc4 Cf4 47.De4 g5
48.Ce3 Dxb3 49.Cf5+ Rf7 50.Cd6+ Rg7 51.De7+ Rg6 52.De8+ Rg7 53.Cf5+ Rh7 
54.Dd7+ Rg6 55.Cxh4+ gxh4 56.Dg4+ Rf7 57.Dxf4 Dxa4 58.Dc7+ Rg6 59.Dxb6 
1/2-1/2

[Event "Balkaniad"]
[Site "Kavala GRE"]
[Date "1990.??.??"]
[Round "6"]
[White "Skembris, Spyridon"]
[Black "Topalov, Veselin"]
[Result "0-1"]
[WhiteElo "2470"]
[BlackElo "2495"]
[EventDate "1990.10.??"]

1.d4 Cf6 2.Cf3 d6 3.Cbd2 Fg4 4.h3 Fh5 5.e4 e6 6.De2 c6 7.c3 Fe7 8.g3 d5 9.
Fg2 dxe4 10.Cxe4 Cxe4 11.Dxe4 Cd7 12.O-O O-O 13.Te1 Db6 14.Ch4 Tfe8 15.b3 
Tad8 16.Fb2 Cf6 17.Dc2 c5 18.dxc5 Fxc5 19.Tf1 Dc7 20.Rh1 Td7 21.c4 Ted8 
22.Fc3 Fd4 23.Tac1 b6 24.Db2 a5 25.Tfe1 Dc5 26.Tc2 Fxc3 27.Dxc3 Td3 28.Db2
Db4 29.Te5 Fd1 30.Tc1 a4 31.c5 a3 32.Db1 bxc5 33.Texc5 Dd2 34.Rh2 h6 35.
Tc8 g5 36.Da1 Rg7 37.Txd8 Txd8 38.Cf3 Fxf3 39.Fxf3 Dxf2+ 40.Fg2 Td2 41.Tg1
Txa2 42.De5 Te2 43.Da1 a2 44.b4 e5 45.Df1 Dxf1 46.Txf1 Cd5 0-1

[Event "Balkaniad-J"]
[Site "Kavala GRE"]
[Date "1990.??.??"]
[Round "1"]
[White "Topalov, Veselin"]
[Black "Markovic, Ivan"]
[Result "1-0"]
[WhiteElo "2495"]
[BlackElo "2395"]
[EventDate "1990.10.??"]

1.d4 f5 2.g3 Cf6 3.Fg2 d6 4.Cc3 d5 5.Ch3 e6 6.O-O Fe7 7.Ff4 c6 8.f3 O-O 9.
e4 c5 10.exf5 exf5 11.Te1 Cc6 12.Cb5 Ce8 13.dxc5 Fxc5+ 14.Rh1 a6 15.Txe8 
Txe8 16.Cc7 Fe6 17.Cg5 Cd4 18.Cxa8 h6 19.Cxe6 Cxe6 20.Fe5 d4 21.Dd3 Dxa8 
22.Dxf5 1-0

[Event "Balkaniad-J"]
[Site "Kavala GRE"]
[Date "1990.??.??"]
[Round "2"]
[White "Topalov, Veselin"]
[Black "Tsorbatzoglou, Theodoros"]
[Result "1-0"]
[WhiteElo "2495"]
[BlackElo "2210"]
[EventDate "1990.10.??"]

1.g3 c5 2.f4 d6 3.Cf3 g6 4.Fg2 Fg7 5.O-O Cc6 6.De1 Cf6 7.d3 O-O 8.c3 Ce8 
9.Ca3 Cc7 10.Tb1 Fe6 11.b3 Tb8 12.Cc2 Dc8 13.e4 Fh3 14.Fxh3 Dxh3 15.f5 Ce5
16.Cxe5 dxe5 17.Fe3 b6 18.De2 Fh6 19.a4 Tbd8 20.b4 cxb4 21.Cxb4 Td6 22.d4 
exd4 23.cxd4 gxf5 24.Txf5 Tg6 25.Tf3 Dd7 26.d5 Fg7 27.Ff4 Ce8 28.Cc6 e6 
29.Td1 exd5 30.exd5 Txc6 31.dxc6 Dxc6 32.Fg5 Cc7 33.Tdf1 Ce6 34.Ff6 Cd4 
35.Fxd4 Fxd4+ 36.Rg2 a5 37.Da2 Rg7 38.Dd2 Dc5 39.Tf5 Dc6+ 40.T1f3 Fc5 41.
h4 f6 42.h5 Fd6 43.h6+ Rh8 44.Dd4 Fe7 45.Rh3 De6 46.g4 Td8 47.De3 Dxe3 48.
Txe3 Fc5 49.Te6 Fd4 50.Td5 1-0

[Event "Balkaniad-J"]
[Site "Kavala GRE"]
[Date "1990.??.??"]
[Round "3"]
[White "Moldovan, Daniel"]
[Black "Topalov, Veselin"]
[Result "1/2-1/2"]
[WhiteElo "2335"]
[BlackElo "2495"]
[EventDate "1990.10.??"]

1.e4 e6 2.d4 d5 3.Cc3 Cc6 4.Cf3 Cf6 5.Fg5 Fe7 6.e5 Ce4 7.Fxe7 Dxe7 8.Fd3 
Cxc3 9.bxc3 Fd7 10.h4 O-O-O 11.De2 f6 12.Tb1 Ca5 13.O-O c5 14.Fb5 c4 15.
Tfe1 f5 16.a4 Cc6 17.Dd2 h6 18.g3 Fe8 19.Rg2 Tf8 20.Th1 Fh5 21.Fxc6 bxc6 
22.Tb4 a5 23.Tb6 Rc7 24.Thb1 Tb8 25.Txb8 Txb8 26.Txb8 Fxf3+ 1/2-1/2

[Event "Balkaniad-J"]
[Site "Kavala GRE"]
[Date "1990.??.??"]
[Round "4"]
[White "Markovic, Ivan"]
[Black "Topalov, Veselin"]
[Result "1/2-1/2"]
[WhiteElo "2395"]
[BlackElo "2495"]
[EventDate "1990.10.??"]

1.e4 c5 2.c3 e6 3.d4 d5 4.exd5 exd5 5.Fe3 c4 6.b3 cxb3 7.axb3 Fd6 8.Fd3 
Cf6 9.h3 O-O 10.Df3 Cc6 11.Ce2 h6 12.Cd2 Te8 13.O-O Ch7 14.Ff4 Cg5 15.Dg3 
Fe7 16.Cf3 Ff6 17.Cxg5 Fxg5 18.Fxg5 1/2-1/2

[Event "Balkaniad-J"]
[Site "Kavala GRE"]
[Date "1990.??.??"]
[Round "5"]
[White "Tsorbatzoglou, Theodoros"]
[Black "Topalov, Veselin"]
[Result "1/2-1/2"]
[WhiteElo "2210"]
[BlackElo "2495"]
[EventDate "1990.10.??"]

1.d4 Cf6 2.c4 e6 3.Cc3 Fb4 4.f3 c5 5.d5 d6 6.e4 O-O 7.Fd3 Cfd7 8.Ce2 exd5 
9.cxd5 Ce5 10.Fc2 Dh4+ 11.Cg3 c4 12.Fe3 Ca6 13.Dd2 h6 14.O-O Fc5 15.Cb5 
Dd8 16.Cd4 Cb4 17.a3 Cxc2 18.Cxc2 Fb6 19.Fxb6 Dxb6+ 20.Dd4 Cd3 21.Dxb6 
axb6 22.Tab1 Fd7 23.Ce3 b5 24.Ce2 f5 25.Cc3 g6 26.exf5 gxf5 27.f4 Rf7 28.
Cc2 Tfc8 29.Cb4 Cc5 30.Tfe1 Tg8 1/2-1/2

[Event "Balkaniad-J"]
[Site "Kavala GRE"]
[Date "1990.??.??"]
[Round "6"]
[White "Topalov, Veselin"]
[Black "Moldovan, Daniel"]
[Result "1/2-1/2"]
[WhiteElo "2495"]
[BlackElo "2335"]
[EventDate "1990.10.??"]

1.d4 Cf6 2.c4 c5 3.d5 d6 4.Cc3 g6 5.e4 Fg7 6.Fe2 e6 7.Cf3 O-O 8.Cd2 Ca6 9.
O-O Cc7 10.a4 Te8 11.Rh1 Tb8 12.f3 a6 13.a5 exd5 14.cxd5 Fd7 15.Cc4 Fb5 
16.Ca4 Fxc4 17.Fxc4 Cb5 18.Fd2 Cd7 19.Tc1 b6 20.axb6 Cxb6 21.Fa5 Cxa4 22.
Fxd8 Cxb2 23.Dd2 Texd8 24.Da5 Cd4 25.f4 Te8 26.Dxa6 Tb4 27.e5 dxe5 28.fxe5
Fxe5 29.Da7 Cf5 30.Dxc5 Fd6 31.Dc6 Td8 32.Tfe1 Ff4 33.Df6 Tbb8 34.Tc2 Cxc4
35.Txc4 Fd2 36.Tc7 Tf8 37.Tf1 Fh6 38.g3 Ce3 1/2-1/2

[Event "BUL Ch"]
[Site "BUL"]
[Date "1991.??.??"]
[Round "1"]
[White "Topalov, Veselin"]
[Black "Dochev, Dimitar"]
[Result "1-0"]
[WhiteElo "2455"]
[BlackElo "2290"]
[EventDate "1991.??.??"]

1.d4 Cf6 2.c4 c5 3.d5 g6 4.Cc3 d6 5.e4 Fg7 6.Cf3 O-O 7.h3 a6 8.a4 e6 9.Fd3
exd5 10.cxd5 Ch5 11.O-O Cd7 12.Fg5 Ff6 13.Fe3 Te8 14.a5 Tb8 15.Dc2 Ce5 16.
Fe2 Cg7 17.Cd2 g5 18.Ca4 g4 19.hxg4 Fxg4 20.Dd1 Fxe2 21.Dxe2 Dd7 22.Ff4 
Tbd8 23.Cb6 De7 24.Tab1 Cg6 25.Fe3 Fe5 26.f4 Fd4 27.Fxd4 cxd4 28.f5 1-0